Príprava a využitie glykánových biosenzorov v biorozpoznávaní bakalárska práca

Gespeichert in:
Bibliographische Detailangaben
1. Verfasser: Blšáková, Anna
Format: Buch
Sprache:Slowakisch
Veröffentlicht: Bratislava STU FCHPT 2016
Online-Zugang:Im OPAC anzeigen
Tags: Tag hinzufügen
Keine Tags, Fügen Sie das erste Tag hinzu!

MARC

LEADER 00000nam a2200000 a 4500
005 20260127134307.0
008 160811 2016 000 0 slo d
035 |a vtls011572615 
039 9 |y 201608111042  |z mschk03 
040 |a STUSCHK1  |b slo  |c STUSCHK1  |e AACR2 
100 1 |a Blšáková, Anna 
245 1 |a Príprava a využitie glykánových biosenzorov v biorozpoznávaní  |b bakalárska práca  |c Anna Blšáková 
260 |a Bratislava  |b STU FCHPT  |c 2016 
300 |a 44 s.  |b il.  |c 25 cm 
500 |a Študijný program: biotechnológia a potravinárska technológia 
500 |a Študijný odbor: biotechnológie 
500 |a Školiace pracovisko: Ústav biochémie a mikrobiológie 
500 |a Evid. číslo: FCHPT-13567-63639 
910 |a SCHK95 
999 |c 9023  |d 9023